[Event "Sueca op 1st"]
[Site "Sueca"]
[Date "2015.07.28"]
[Round "2"]
[White "Bordes Ibanez, Juan Bautista"]
[Black "Garcia, Jhoel"]
[Result "0-1"]
[WhiteElo "1997"]
[BlackElo "2336"]
[PlyCount "56"]
[EventDate "2015.07.27"]
[EventType "swiss"]
[EventRounds "8"]
[EventCountry "ESP"]
[SourceTitle "EXT 2016"]
[Source "ChessBase"]
[SourceDate "2015.10.08"]
[SourceVersion "1"]
[SourceVersionDate "2015.10.08"]
[SourceQuality "1"]

1. d4 Nf6 2. c4 g6 3. Nc3 Bg7 4. e4 d6 5. Nf3 0-0 6. Be2 c6 7. 0-0 e5 8. d5 Na6 9. Nd2 Ne8 10. Rb1 c5 11. a3 f5 12. b4 b6 13. Rb3 Nf6 14. f3 f4 15. Rf2 h5 16. Nf1 g5 17. h3 Rf7 18. Nh2 Bf8 19. Bd2 Rg7 20. Be1 Bd7 21. Kh1 Be7 22. Rf1 Kf7 23. Bf2 Qh8 24. bxc5 Nxc5 25. Bxc5 bxc5 26. Rb7 Bc8 27. Rb3 g4 28. fxg4 hxg4 0-1

[Event "Sueca op 1st"]
[Site "Sueca"]
[Date "2015.07.27"]
[Round "1"]
[White "Garcia, Jhoel"]
[Black "Soler Nadal, Jose Antonio"]
[Result "1-0"]
[WhiteElo "2336"]
[BlackElo "1806"]
[PlyCount "82"]
[EventDate "2015.07.27"]
[EventType "swiss"]
[EventRounds "8"]
[EventCountry "ESP"]
[SourceTitle "EXT 2016"]
[Source "ChessBase"]
[SourceDate "2015.10.08"]
[SourceVersion "1"]
[SourceVersionDate "2015.10.08"]
[SourceQuality "1"]

1. g3 d5 2. Bg2 Nf6 3. c4 c6 4. Nf3 e6 5. b3 Be7 6. 0-0 Nbd7 7. Bb2 0-0 8. d4 Ne4 9. Nbd2 f5 10. Rc1 Bf6 11. b4 g5 12. Qb3 g4 13. Nxe4 fxe4 14. Ne5 Bxe5 15. dxe5 Nb6 16. cxd5 cxd5 17. Bd4 Bd7 18. Qe3 Bc6 19. h3 h5 20. Qh6 Qe8 21. hxg4 hxg4 22. Qg5+ Kh7 23. Qxg4 Qg6 24. Qh4+ Kg8 25. f4 Rf7 26. Kf2 Rh7 27. Qf6 Rg7 28. Qxg6 Rxg6 29. Rh1 Kg7 30. Rh2 Rh8 31. Rxh8 Kxh8 32. Bh3 Nc4 33. g4 Rh6 34. Kg3 a6 35. f5 exf5 36. gxf5 e3 37. Rg1 Nd2 38. e6+ Kh7 39. Kh2 Rh4 40. Bxe3 Ne4 41. f6 Rh5 1-0